000 00298nam a2200145Ia 4500
100 _aMould/ Clifford
942 _cBK
654 _aunix
245 _aUnix Training Guide
260 _bWheeler and Co.
_c1991
082 _a005.133'U'
_bMOU
300 _a113
546 _aENGLISH
999 _c25686
_d25686